Ďalšie dejstvo veľkej hry o Afganistan
Veľká hra bola pôvodne zápasom ruského a britského impéria o nadvládu nad Afganistanom, teda o "nárazníkový" priestor medzi nimi, pričom britská politika bola omnoho agresívnejšia než ruská. Výsledky vojny Sovietskeho sväzu proti Afganistanu (1979-1989).Súčasná afganská vojna - ide v nej o dve operá...
Saved in:
| Main Author: | |
|---|---|
| Format: | Book Chapter |
| Language: | Slovak |
| Subjects: | |
| Tags: |
No Tags, Be the first to tag this record!
|
MARC
| LEADER | 00000naa$a2200000$$$4500 | ||
|---|---|---|---|
| 001 | 0109094 | ||
| 005 | 20240502072214.8 | ||
| 041 | 0 | |a slo | |
| 044 | |a SK | ||
| 245 | 1 | 0 | |a Ďalšie dejstvo veľkej hry o Afganistan |c František Škvrnda |
| 520 | |a Veľká hra bola pôvodne zápasom ruského a britského impéria o nadvládu nad Afganistanom, teda o "nárazníkový" priestor medzi nimi, pričom britská politika bola omnoho agresívnejšia než ruská. Výsledky vojny Sovietskeho sväzu proti Afganistanu (1979-1989).Súčasná afganská vojna - ide v nej o dve operácie - prvou je operácia Trvalá sloboda, druhou je misia Medzinárodných bezpečnostných asistenčných síl. | ||
| 610 | 2 | 0 | |a Afganistan |
| 610 | 2 | 0 | |a vojny |
| 610 | 2 | 0 | |a Veľká Británia |
| 610 | 2 | 0 | |a Rusko |
| 610 | 2 | 0 | |a USA |
| 100 | 1 | |a Škvrnda, František | |